000
00325nam a22001337a 4500
999
_c
54986
_d
54986
008
200204b ||||| |||| 00| 0 eng d
041
_a
eng
080
_2
043.3
_a
043.3
082
_a
043.3
100
_a
0
101
_a
BTH
245
_a
Terminal i Autobusëve dhe Qendër Tregtare e Integruar
_c
Rushiti,G
942
_2
udc
_c
BK